Recueil Des Cours. (Record no. 48929)
[ view plain ]
| 000 -LEADER | |
|---|---|
| fixed length control field | 01769nam a2200433 i 4500 |
| 003 - CONTROL NUMBER IDENTIFIER | |
| control field | EG-GICUC |
| 005 - DATE AND TIME OF LATEST TRANSACTION | |
| control field | 20260121101438.0 |
| 008 - FIXED-LENGTH DATA ELEMENTS--GENERAL INFORMATION | |
| fixed length control field | 251207s1926 fr c|||fr|||| 001 0 fre d |
| 040 ## - CATALOGING SOURCE | |
| Original cataloging agency | EG-GiCUC |
| Language of cataloging | fre |
| Transcribing agency | EG-GiCUC |
| Modifying agency | EG-GiCUC |
| Description conventions | Rda |
| 041 ## - LANGUAGE CODE | |
| Language code of text/sound track or separate title | fre |
| 082 04 - DEWEY DECIMAL CLASSIFICATION NUMBER | |
| Edition number | 21 |
| Classification number | 341.1 |
| Item number | RE |
| 092 04 - LOCALLY ASSIGNED DEWEY CALL NUMBER (OCLC) | |
| Edition number | 21 |
| 099 ## - LOCAL FREE-TEXT CALL NUMBER (OCLC) | |
| Classification number | Law1 11 341.1 RE 1926 |
| 245 00 - TITLE STATEMENT | |
| Title | Recueil Des Cours. |
| Number of part/section of a work | 1925, Tome 7. |
| 264 #1 - PRODUCTION, PUBLICATION, DISTRIBUTION, MANUFACTURE, AND COPYRIGHT NOTICE | |
| Place of production, publication, distribution, manufacture | Paris : |
| Name of producer, publisher, distributor, manufacturer | Hachette, |
| Date of production, publication, distribution, manufacture, or copyright notice | 1926. |
| 300 ## - PHYSICAL DESCRIPTION | |
| Extent | 524 pages : |
| Other physical details | portraits ; |
| Dimensions | 24 cm. |
| 336 ## - CONTENT TYPE | |
| Source | rda contenu |
| Content type term | texte |
| 337 ## - MEDIA TYPE | |
| Source | rda medias |
| Media type term | Ordinateur |
| 338 ## - CARRIER TYPE | |
| Source | transporteur rda |
| Carrier type term | Ressource en ligne |
| 490 0# - SERIES STATEMENT | |
| Series statement | Académie de droit international ; |
| Volume/sequential designation | 1925, Tome 7. |
| 500 ## - GENERAL NOTE | |
| General note | 1925 II. |
| 500 ## - GENERAL NOTE | |
| General note | At head of title: Académie de droit international. |
| 504 ## - BIBLIOGRAPHY, ETC. NOTE | |
| Bibliography, etc. note | Includes bibliographical references and index. |
| 505 ## - FORMATTED CONTENTS NOTE | |
| Formatted contents note | e protocole de Genève / par Hans Wehberg -- La garantie des emprunts publics d'état / par Gaston Jèze -- L'exterritorialité et ses applications en Extrême-Orient / par Alphonse Heyking -- La théorie générale des unions internationales / par A. Rapisardi-Mirabelli -- L'œuvre de Grotius et son influence sur le développement du droit international / par W. van der Vlugt. |
| 546 ## - LANGUAGE NOTE | |
| Language note | Texte en français |
| 610 20 - SUBJECT ADDED ENTRY--CORPORATE NAME | |
| Corporate name or jurisdiction name as entry element | League of Nations |
| 650 14 - SUBJECT ADDED ENTRY--TOPICAL TERM | |
| Topical term or geographic name entry element | Droit international |
| 650 14 - SUBJECT ADDED ENTRY--TOPICAL TERM | |
| Topical term or geographic name entry element | Arbitration (International law) |
| 650 14 - SUBJECT ADDED ENTRY--TOPICAL TERM | |
| Topical term or geographic name entry element | Disarmament |
| 700 1# - ADDED ENTRY--PERSONAL NAME | |
| Personal name | Wehberg, Hans, |
| Relator term | Auteur |
| 700 1# - ADDED ENTRY--PERSONAL NAME | |
| Personal name | Jèze, Gaston |
| Relator term | Auteur |
| 700 1# - ADDED ENTRY--PERSONAL NAME | |
| Personal name | Heyking, A. |
| Relator term | Auteur |
| 700 1# - ADDED ENTRY--PERSONAL NAME | |
| Personal name | Rapisardi-Mirabelli, Andrea, |
| Relator term | Auteur |
| 700 1# - ADDED ENTRY--PERSONAL NAME | |
| Personal name | Vlugt, W. van der |
| Relator term | Auteur |
| 710 ## - ADDED ENTRY--CORPORATE NAME | |
| Corporate name or jurisdiction name as entry element | Académie De Droit International |
| 856 40 - ELECTRONIC LOCATION AND ACCESS | |
| Uniform Resource Identifier | <a href="https://fll.law.cu.edu.eg/fulltext/bks/B11-05019.pdf">https://fll.law.cu.edu.eg/fulltext/bks/B11-05019.pdf</a> |
| 905 ## - Cataloger and Reviser Names | |
| Cataloger Name: | Rawan khaled |
| 942 ## - ADDED ENTRY ELEMENTS (KOHA) | |
| Source of classification or shelving scheme | Dewey Decimal Classification |
| Suppress in OPAC | No |
| Koha item type | Books |
| Edition | 21 |
| Withdrawn status | Lost status | Source of classification or shelving scheme | Materials specified (bound volume or other part) | Damaged status | Not for loan | Collection | Home library | Current library | Date acquired | Total checkouts | Full call number | Barcode | Date last seen | Copy number | Price effective from | Koha item type |
|---|---|---|---|---|---|---|---|---|---|---|---|---|---|---|---|---|
| Dewey Decimal Classification | V7 | القانون الدولي العام | جــــامعة القــاهرة | مكتبة كلية الحقوق - المبنى الرئيسي | 07.12.2025 | Law1 11 341.1 RE 1926 1105019 V7, C2 | B11-05019 | 07.12.2025 | 2 | 07.12.2025 | Books | |||||
| Dewey Decimal Classification | V7 | Not for loan | القانون الدولي العام | جــــامعة القــاهرة | مكتبة كلية الحقوق - المبنى الرئيسي | 07.12.2025 | Law1 11 341.1 RE 1926 1105018 V7, C1 | B11-05018 | 07.12.2025 | 1 | 07.12.2025 | Books | ||||
| Dewey Decimal Classification | القانون الدولي العام | جــــامعة القــاهرة | مكتبة كلية الحقوق - فـرع الشيخ زايد | 07.12.2025 | Law2 11 341.1 RE 1926 1105206 V7, C3 | B11-05206 | 07.12.2025 | 3 | 07.12.2025 | Books |